000 00614nam a2200193Ia 4500
008 151119s9999||||xx |||||||||||||| ||und||
082 _a891.463
082 _bGKKV32111
100 _aकेशव दत्ता
245 _aशापीत ज्वालामुखी
260 _aमुंबई
260 _bमनोरमा प्रकाशन
260 _c0
600 _aकेशव दत्ता
630 _aशापीत ज्वालामुखी
700 _aकेशव दत्ता
730 _aशापीत ज्वालामुखी
942 _cBOOK
999 _c1084418
_d1084415